000 00811nac a22002171u 4500
010 _a 95035625
020 _a0471124206 (cloth : alk. paper)
082 0 0 _a658.3
_bD292
090 _c4140
_d4140
100 _aDeCenzo, David A.
245 1 0 _aHuman resource management /
_cDavid A. De Cenzo, Stephen P. Robbins.
250 _a5th ed.
260 _aNew York :
_bWiley,
_cc1996.
300 _a1 v. (various pagings) :
_bill. (some col.) ;
_c26 cm.
440 0 _aWiley series in management
504 _aIncludes bibliographical references and indexes.
650 0 _aPersonnel management.
700 1 _aRobbins, Stephen P.,
_d1943-
942 _cBB
_k658.3D292
999 _c4140
_d4140